000 00419nam a2200181Ia 4500
005 20250603144743.0
008 250603s9999 xx 000 0 und d
020 _a1841742783
050 _aKP 93 .D6/
100 _aDoherty, Oluwatoyin
245 0 _aCriminal procedure:A STUDY GUILD
260 _aLondon
260 _bBlack stone press
260 _c2001
300 _a311 p
650 _aLondon
942 _cBK
999 _c39850
_d39850